<?xml version="1.0" encoding="UTF-8"?>
<collection xmlns="http://www.loc.gov/MARC21/slim">
 <record>
  <leader>05437cam a2201009 c 4500</leader>
  <controlfield tag="001">1624704336</controlfield>
  <controlfield tag="003">DE-627</controlfield>
  <controlfield tag="005">20260206193209.0</controlfield>
  <controlfield tag="007">tu</controlfield>
  <controlfield tag="008">940816s1994    gw |||||      00| ||ger c</controlfield>
  <datafield tag="015" ind1=" " ind2=" ">
   <subfield code="a">94,N38,0134</subfield>
   <subfield code="2">dnb</subfield>
  </datafield>
  <datafield tag="015" ind1=" " ind2=" ">
   <subfield code="a">95,A06,1433</subfield>
   <subfield code="2">dnb</subfield>
  </datafield>
  <datafield tag="016" ind1="7" ind2=" ">
   <subfield code="a">941916553</subfield>
   <subfield code="2">DE-101</subfield>
  </datafield>
  <datafield tag="020" ind1=" " ind2=" ">
   <subfield code="a">3412041947</subfield>
  </datafield>
  <datafield tag="035" ind1=" " ind2=" ">
   <subfield code="a">(DE-627)1624704336</subfield>
  </datafield>
  <datafield tag="035" ind1=" " ind2=" ">
   <subfield code="a">(DE-603)031206611</subfield>
  </datafield>
  <datafield tag="035" ind1=" " ind2=" ">
   <subfield code="a">(DE-576)040576914</subfield>
  </datafield>
  <datafield tag="035" ind1=" " ind2=" ">
   <subfield code="a">(DE-599)BSZ040576914</subfield>
  </datafield>
  <datafield tag="035" ind1=" " ind2=" ">
   <subfield code="a">(OCoLC)246541289</subfield>
  </datafield>
  <datafield tag="035" ind1=" " ind2=" ">
   <subfield code="a">(OCoLC)844928222</subfield>
  </datafield>
  <datafield tag="035" ind1=" " ind2=" ">
   <subfield code="a">(OCoLC)32041127</subfield>
  </datafield>
  <datafield tag="035" ind1=" " ind2=" ">
   <subfield code="a">(DE-604)8098209981</subfield>
  </datafield>
  <datafield tag="040" ind1=" " ind2=" ">
   <subfield code="a">DE-627</subfield>
   <subfield code="b">ger</subfield>
   <subfield code="c">DE-627</subfield>
   <subfield code="e">rakwb</subfield>
  </datafield>
  <datafield tag="041" ind1=" " ind2=" ">
   <subfield code="a">ger</subfield>
  </datafield>
  <datafield tag="044" ind1=" " ind2=" ">
   <subfield code="c">XA-DE</subfield>
   <subfield code="c">XA-AT</subfield>
  </datafield>
  <datafield tag="050" ind1=" " ind2="0">
   <subfield code="a">ND588.H223</subfield>
  </datafield>
  <datafield tag="082" ind1="0" ind2=" ">
   <subfield code="a">759.3</subfield>
  </datafield>
  <datafield tag="084" ind1=" " ind2=" ">
   <subfield code="a">46</subfield>
   <subfield code="2">sdnb</subfield>
  </datafield>
  <datafield tag="084" ind1=" " ind2=" ">
   <subfield code="a">9,10</subfield>
   <subfield code="2">ssgn</subfield>
  </datafield>
  <datafield tag="084" ind1=" " ind2=" ">
   <subfield code="a">LI 37810</subfield>
   <subfield code="2">rvk</subfield>
   <subfield code="0">(DE-625)rvk/96186:</subfield>
  </datafield>
  <datafield tag="084" ind1=" " ind2=" ">
   <subfield code="a">20.31</subfield>
   <subfield code="2">bkl</subfield>
  </datafield>
  <datafield tag="084" ind1=" " ind2=" ">
   <subfield code="a">21.02</subfield>
   <subfield code="2">bkl</subfield>
  </datafield>
  <datafield tag="245" ind1="0" ind2="0">
   <subfield code="a">Jakob Philipp Hackert</subfield>
   <subfield code="b">der Landschaftsmaler der Goethezeit</subfield>
   <subfield code="c">Wolfgang Krönig; Reinhard Wegner. Mit Beitr. von Verena Krieger</subfield>
  </datafield>
  <datafield tag="264" ind1=" " ind2="1">
   <subfield code="a">Köln</subfield>
   <subfield code="a">Weimar</subfield>
   <subfield code="a">Wien</subfield>
   <subfield code="b">Böhlau</subfield>
   <subfield code="c">1994</subfield>
  </datafield>
  <datafield tag="300" ind1=" " ind2=" ">
   <subfield code="a">IX, 271 S</subfield>
   <subfield code="b">zahlr. Ill</subfield>
   <subfield code="c">162 Ill. ; 30 cm</subfield>
  </datafield>
  <datafield tag="336" ind1=" " ind2=" ">
   <subfield code="a">Text</subfield>
   <subfield code="b">txt</subfield>
   <subfield code="2">rdacontent</subfield>
  </datafield>
  <datafield tag="337" ind1=" " ind2=" ">
   <subfield code="a">ohne Hilfsmittel zu benutzen</subfield>
   <subfield code="b">n</subfield>
   <subfield code="2">rdamedia</subfield>
  </datafield>
  <datafield tag="338" ind1=" " ind2=" ">
   <subfield code="a">Band</subfield>
   <subfield code="b">nc</subfield>
   <subfield code="2">rdacarrier</subfield>
  </datafield>
  <datafield tag="361" ind1="1" ind2=" ">
   <subfield code="5">DE-32</subfield>
   <subfield code="y">558640885</subfield>
   <subfield code="s">LI 37810 K93</subfield>
   <subfield code="o">Vorbesitz</subfield>
   <subfield code="a">Hermann Böhlau Verlag</subfield>
   <subfield code="0">(DE-588)5331028-7</subfield>
   <subfield code="0">(DE-627)27042329X</subfield>
   <subfield code="0">(DE-576)197714099</subfield>
   <subfield code="f">Exemplar: Donator</subfield>
   <subfield code="f">Notiz</subfield>
   <subfield code="z">Datum 1994 Dezember 13</subfield>
  </datafield>
  <datafield tag="361" ind1="1" ind2=" ">
   <subfield code="5">DE-32</subfield>
   <subfield code="y">820739677</subfield>
   <subfield code="s">194393 - B</subfield>
   <subfield code="o">Vorbesitz</subfield>
   <subfield code="a">Hermann Böhlau Verlag</subfield>
   <subfield code="0">(DE-588)5331028-7</subfield>
   <subfield code="0">(DE-627)27042329X</subfield>
   <subfield code="0">(DE-576)197714099</subfield>
   <subfield code="f">Rezensionsexemplar</subfield>
   <subfield code="z">Absenderin; Nossenheim, Sabine</subfield>
  </datafield>
  <datafield tag="361" ind1="1" ind2=" ">
   <subfield code="5">DE-32</subfield>
   <subfield code="y">820739677</subfield>
   <subfield code="s">194393 - B</subfield>
   <subfield code="o">Vorbesitz</subfield>
   <subfield code="a">Biedrzynski, Effi</subfield>
   <subfield code="0">(DE-588)107923742</subfield>
   <subfield code="0">(DE-627)476592054</subfield>
   <subfield code="0">(DE-576)289597501</subfield>
   <subfield code="f">Einlage: Brief</subfield>
   <subfield code="z">Adressatin</subfield>
  </datafield>
  <datafield tag="361" ind1="1" ind2=" ">
   <subfield code="5">DE-32</subfield>
   <subfield code="y">820739677</subfield>
   <subfield code="s">194393 - B</subfield>
   <subfield code="o">Vorbesitz</subfield>
   <subfield code="a">Biedrzynski, Effi</subfield>
   <subfield code="0">(DE-588)107923742</subfield>
   <subfield code="0">(DE-627)476592054</subfield>
   <subfield code="0">(DE-576)289597501</subfield>
   <subfield code="f">Einlage: Zettel</subfield>
   <subfield code="f">Notiz</subfield>
  </datafield>
  <datafield tag="361" ind1="1" ind2=" ">
   <subfield code="5">DE-32</subfield>
   <subfield code="y">820739677</subfield>
   <subfield code="s">194393 - B</subfield>
   <subfield code="o">Vorbesitz</subfield>
   <subfield code="a">Biedrzynski, Effi</subfield>
   <subfield code="0">(DE-588)107923742</subfield>
   <subfield code="0">(DE-627)476592054</subfield>
   <subfield code="0">(DE-576)289597501</subfield>
   <subfield code="f">Stempel</subfield>
  </datafield>
  <datafield tag="500" ind1=" " ind2=" ">
   <subfield code="a">Bibliogr. und Literaturverz. S. 227 - 250</subfield>
  </datafield>
  <datafield tag="505" ind1="8" ind2=" ">
   <subfield code="a">Literaturverz. S. [227] - 250</subfield>
  </datafield>
  <datafield tag="505" ind1="8" ind2=" ">
   <subfield code="a">Literaturverz. S. [227] - 250</subfield>
  </datafield>
  <datafield tag="583" ind1="1" ind2=" ">
   <subfield code="a">Archivierung/Langzeitarchivierung gewährleistet</subfield>
   <subfield code="c">20211025</subfield>
   <subfield code="f">SLG</subfield>
   <subfield code="x">XA-DE-BW</subfield>
   <subfield code="z">Buchnachlass</subfield>
   <subfield code="2">pdager</subfield>
   <subfield code="5">DE-25</subfield>
  </datafield>
  <datafield tag="583" ind1="1" ind2=" ">
   <subfield code="a">Archivierung/Langzeitarchivierung gewährleistet</subfield>
   <subfield code="c">20211220</subfield>
   <subfield code="f">SLG</subfield>
   <subfield code="x">XA-DE-BW</subfield>
   <subfield code="z">Provenienz</subfield>
   <subfield code="2">pdager</subfield>
   <subfield code="5">DE-25</subfield>
  </datafield>
  <datafield tag="583" ind1="1" ind2=" ">
   <subfield code="a">Archivierung/Langzeitarchivierung gewährleistet</subfield>
   <subfield code="f">SSG</subfield>
   <subfield code="x">XA-DE-BW</subfield>
   <subfield code="2">pdager</subfield>
   <subfield code="5">DE-16</subfield>
  </datafield>
  <datafield tag="583" ind1="1" ind2=" ">
   <subfield code="a">Archivierung prüfen</subfield>
   <subfield code="c">20240324</subfield>
   <subfield code="f">DE-4165</subfield>
   <subfield code="z">3</subfield>
   <subfield code="2">pdager</subfield>
  </datafield>
  <datafield tag="600" ind1="1" ind2="0">
   <subfield code="a">Hackert, Philipp</subfield>
   <subfield code="d">1737-1807</subfield>
   <subfield code="x">Criticism and interpretation</subfield>
  </datafield>
  <datafield tag="650" ind1=" " ind2="0">
   <subfield code="a">Romanticism in art</subfield>
  </datafield>
  <datafield tag="689" ind1="0" ind2="0">
   <subfield code="d">p</subfield>
   <subfield code="0">(DE-588)118544306</subfield>
   <subfield code="0">(DE-627)133390365</subfield>
   <subfield code="0">(DE-576)208945571</subfield>
   <subfield code="a">Hackert, Jakob Philipp</subfield>
   <subfield code="d">1737-1807</subfield>
   <subfield code="2">gnd</subfield>
  </datafield>
  <datafield tag="689" ind1="0" ind2="1">
   <subfield code="d">s</subfield>
   <subfield code="0">(DE-588)4114355-3</subfield>
   <subfield code="0">(DE-627)105822795</subfield>
   <subfield code="0">(DE-576)20948392X</subfield>
   <subfield code="a">Landschaftsmalerei</subfield>
   <subfield code="2">gnd</subfield>
  </datafield>
  <datafield tag="689" ind1="0" ind2=" ">
   <subfield code="5">DE-101</subfield>
  </datafield>
  <datafield tag="689" ind1="1" ind2="0">
   <subfield code="d">p</subfield>
   <subfield code="0">(DE-588)118544306</subfield>
   <subfield code="0">(DE-627)133390365</subfield>
   <subfield code="0">(DE-576)208945571</subfield>
   <subfield code="a">Hackert, Jakob Philipp</subfield>
   <subfield code="d">1737-1807</subfield>
   <subfield code="2">gnd</subfield>
  </datafield>
  <datafield tag="689" ind1="1" ind2=" ">
   <subfield code="5">(DE-627)</subfield>
  </datafield>
  <datafield tag="700" ind1="1" ind2=" ">
   <subfield code="a">Krönig, Wolfgang</subfield>
   <subfield code="d">1904-1992</subfield>
   <subfield code="0">(DE-588)118724606</subfield>
   <subfield code="0">(DE-627)079506046</subfield>
   <subfield code="0">(DE-576)161836704</subfield>
   <subfield code="4">oth</subfield>
  </datafield>
  <datafield tag="700" ind1="1" ind2=" ">
   <subfield code="8">1\p</subfield>
   <subfield code="a">Wegner, Reinhard</subfield>
   <subfield code="d">1953-</subfield>
   <subfield code="0">(DE-588)129025542</subfield>
   <subfield code="0">(DE-627)387778128</subfield>
   <subfield code="0">(DE-576)16349956X</subfield>
   <subfield code="4">oth</subfield>
  </datafield>
  <datafield tag="700" ind1="1" ind2=" ">
   <subfield code="a">Hackert, Jakob Philipp</subfield>
   <subfield code="d">1737-1807</subfield>
   <subfield code="0">(DE-588)118544306</subfield>
   <subfield code="0">(DE-627)133390365</subfield>
   <subfield code="0">(DE-576)208945571</subfield>
   <subfield code="4">oth</subfield>
  </datafield>
  <datafield tag="700" ind1="1" ind2=" ">
   <subfield code="8">2\p</subfield>
   <subfield code="a">Krieger, Verena</subfield>
   <subfield code="d">1961-</subfield>
   <subfield code="0">(DE-588)131871609</subfield>
   <subfield code="0">(DE-627)515953776</subfield>
   <subfield code="0">(DE-576)256778302</subfield>
   <subfield code="4">oth</subfield>
  </datafield>
  <datafield tag="787" ind1="0" ind2="8">
   <subfield code="i">Rezensiert in</subfield>
   <subfield code="a">Börsch-Supan, Helmut, 1933 - </subfield>
   <subfield code="t">[Rezension von: Wolfgang Krönig, Reinhard Wegner; Jakob Philipp Hackert / Il paesaggio secondo natura / Claudia Nordhoff, Hans Reimer; Jakob Philipp Hackert 1737-1807]</subfield>
   <subfield code="d">1996</subfield>
   <subfield code="w">(DE-627)1860720285</subfield>
  </datafield>
  <datafield tag="787" ind1="0" ind2="8">
   <subfield code="i">Rezensiert in</subfield>
   <subfield code="a">Drews, Gabriele</subfield>
   <subfield code="t">[Rezension von: Krönig, Wolfgang; Wegner, Reinhard, Jakob Philipp Hackert, der Landschaftsmaler der Goethezeit]</subfield>
   <subfield code="d">1995</subfield>
   <subfield code="w">(DE-627)34047226X</subfield>
  </datafield>
  <datafield tag="787" ind1="0" ind2="8">
   <subfield code="i">Rezensiert in</subfield>
   <subfield code="a">Forssman, Erik</subfield>
   <subfield code="t">[Rezension von: Krönig, Wolfgang; Wegner, Reinhard, Jakob Philipp Hackert, der Landschaftsmaler der Goethezeit]</subfield>
   <subfield code="d">1995</subfield>
   <subfield code="w">(DE-627)340472278</subfield>
  </datafield>
  <datafield tag="787" ind1="0" ind2="8">
   <subfield code="i">Rezensiert in</subfield>
   <subfield code="a">Börsch-Supan, Helmut</subfield>
   <subfield code="t">[Rezension von: Krönig, Wolfgang; Wegner, Reinhard, Jakob Philipp Hackert, der Landschaftsmaler der Goethezeit]</subfield>
   <subfield code="d">1996</subfield>
   <subfield code="w">(DE-627)340515686</subfield>
  </datafield>
  <datafield tag="787" ind1="0" ind2="8">
   <subfield code="i">Rezensiert in</subfield>
   <subfield code="w">(DE-603)395025729</subfield>
  </datafield>
  <datafield tag="883" ind1=" " ind2=" ">
   <subfield code="8">1\p</subfield>
   <subfield code="a">cgwrk</subfield>
   <subfield code="d">20241001</subfield>
   <subfield code="q">DE-101</subfield>
   <subfield code="u">https://d-nb.info/provenance/plan#cgwrk</subfield>
  </datafield>
  <datafield tag="883" ind1=" " ind2=" ">
   <subfield code="8">2\p</subfield>
   <subfield code="a">cgwrk</subfield>
   <subfield code="d">20241001</subfield>
   <subfield code="q">DE-101</subfield>
   <subfield code="u">https://d-nb.info/provenance/plan#cgwrk</subfield>
  </datafield>
  <datafield tag="889" ind1=" " ind2=" ">
   <subfield code="w">(DE-576)9278148342</subfield>
  </datafield>
  <datafield tag="889" ind1=" " ind2=" ">
   <subfield code="w">(DE-576)9164007987</subfield>
  </datafield>
  <datafield tag="889" ind1=" " ind2=" ">
   <subfield code="w">(DE-627)164007989</subfield>
  </datafield>
  <datafield tag="889" ind1=" " ind2=" ">
   <subfield code="w">(DE-627)278148344</subfield>
  </datafield>
  <datafield tag="935" ind1=" " ind2=" ">
   <subfield code="a">LBGMV</subfield>
  </datafield>
  <datafield tag="935" ind1=" " ind2=" ">
   <subfield code="i">mdedup</subfield>
  </datafield>
  <datafield tag="935" ind1=" " ind2=" ">
   <subfield code="h">HEB</subfield>
   <subfield code="i">0501</subfield>
  </datafield>
  <datafield tag="935" ind1=" " ind2=" ">
   <subfield code="h">HEB</subfield>
   <subfield code="i">0503</subfield>
  </datafield>
  <datafield tag="936" ind1="r" ind2="v">
   <subfield code="a">LI 37810</subfield>
   <subfield code="b">Hackert, Philipp</subfield>
   <subfield code="k">Kunstgeschichte</subfield>
   <subfield code="k">Künstler-Monografien</subfield>
   <subfield code="k">Alphabetische Künstlerliste</subfield>
   <subfield code="k">Künstler H</subfield>
   <subfield code="k">Hackert, Philipp</subfield>
   <subfield code="0">(DE-627)1271132893</subfield>
   <subfield code="0">(DE-625)rvk/96186:</subfield>
   <subfield code="0">(DE-576)201132893</subfield>
  </datafield>
  <datafield tag="936" ind1="b" ind2="k">
   <subfield code="a">20.31</subfield>
   <subfield code="j">Bildende Künstler</subfield>
   <subfield code="0">(DE-627)181571080</subfield>
  </datafield>
  <datafield tag="936" ind1="b" ind2="k">
   <subfield code="a">21.02</subfield>
   <subfield code="j">Geschichte der Malerei</subfield>
   <subfield code="0">(DE-627)106406698</subfield>
  </datafield>
  <datafield tag="936" ind1="s" ind2="n">
   <subfield code="a">l300</subfield>
   <subfield code="2">mzub</subfield>
  </datafield>
  <datafield tag="936" ind1="s" ind2="n">
   <subfield code="a">n100</subfield>
   <subfield code="2">mzub</subfield>
  </datafield>
  <datafield tag="951" ind1=" " ind2=" ">
   <subfield code="a">BO</subfield>
  </datafield>
  <datafield tag="990" ind1=" " ind2=" ">
   <subfield code="a">Hackert, Jakob Philipp</subfield>
  </datafield>
  <datafield tag="990" ind1=" " ind2=" ">
   <subfield code="a">Landschaftsmalerei</subfield>
  </datafield>
  <datafield tag="990" ind1=" " ind2=" ">
   <subfield code="a">Hackert, Jakob Philipp</subfield>
  </datafield>
  <datafield tag="991" ind1=" " ind2=" ">
   <subfield code="a">Rezensiertes Werk</subfield>
  </datafield>
  <datafield tag="999" ind1=" " ind2=" ">
   <subfield code="a">KXP-PPN1624704336</subfield>
   <subfield code="e">4921488916</subfield>
  </datafield>
 </record>
</collection>
